00670nam a2200157Ia 4500999001500000008004100015082001400056100002100070245004200091260003600133300000800169650002300177942001200200952015300212952014700365 c8322d8322191201s2019 xx 000 0 und d a615.1 BHH aBhardwaj, Lokesh 0aHealth Education & Community Pharmacy bR. Narain Pub.aNew Delhic2019 a144 aCommunity Pharmacy 2ddccBK 00102ddc40708DPaPIETbPIETcR05d2019-03-25eKirti Prakashang110.00kIN 3107l0o615.1 BHHpDP501r2019-12-04 00:00:00v79.75w2019-03-12yREF 00102ddc40708DPaPIETbPIETd2019-03-25eKirti Prakashang110.00kIN 3107l0o615.1 BHHpDP502r2019-12-04 00:00:00v79.75w2019-03-12yBK